Speeches and writings of Gopal Krishna Gokhale / (Record no. 59212)
[ view plain ]
| 000 -LEADER | |
|---|---|
| fixed length control field | 00912nam a2200265 a 4500 |
| 001 - CONTROL NUMBER | |
| control field | 59212 |
| 003 - CONTROL NUMBER IDENTIFIER | |
| rucl marc code | BD-RjUL |
| 005 - DATE AND TIME OF LATEST TRANSACTION | |
| control field | 20211209080715.0 |
| 008 - FIXED-LENGTH DATA ELEMENTS--GENERAL INFORMATION | |
| fixed length control field | 161222s1962 ii a 00110 eng d |
| 035 ## - SYSTEM CONTROL NUMBER | |
| System control number | (BD-RjUL)59336 |
| 040 ## - CATALOGING SOURCE | |
| Original cataloging agency | ANL |
| Language of cataloging | eng |
| Modifying agency | ANL |
| -- | BD-RjUL |
| Transcribing agency | BD-RjUL |
| 041 ## - LANGUAGE CODE | |
| Language code of text/sound track or separate title | eng |
| 082 ## - DEWEY DECIMAL CLASSIFICATION NUMBER | |
| Edition number | 23 |
| Classification number | 923.254 |
| Author mark and year | GOS 1962 |
| 100 1# - MAIN ENTRY--PERSONAL NAME | |
| Personal name | Gokhale, Gopal Krishna. |
| 9 (RLIN) | 176104 |
| 245 10 - TITLE STATEMENT | |
| Title | Speeches and writings of Gopal Krishna Gokhale / |
| Statement of responsibility, etc. | R. P. Patwardhan and D. V. Ambekar. |
| 260 ## - PUBLICATION, DISTRIBUTION, ETC. (IMPRINT) | |
| Place of publication, distribution, etc. | Bombay : |
| Name of publisher, distributor, etc. | Asia Publishing House, |
| Date of publication, distribution, etc. | c1962. |
| 300 ## - PHYSICAL DESCRIPTION | |
| Pagination | v. : |
| Illustrations | ill. ; |
| Size | 24 cm. |
| 500 ## - GENERAL NOTE | |
| General note | Includes index. |
| 505 0# - FORMATTED CONTENTS NOTE | |
| Formatted contents note | v.1, Economics - v.2. Political. - v.3. Educational. |
| 650 ## - SUBJECT ADDED ENTRY--TOPICAL TERM | |
| Topical term or geographic name as entry element | Politics and government -- 1765-1947. |
| Geographic subdivision | India |
| 9 (RLIN) | 176731 |
| 651 #0 - SUBJECT ADDED ENTRY--GEOGRAPHIC NAME | |
| Geographic name | India |
| General subdivision | History |
| Chronological subdivision | British occupation, 1765-1947 |
| General subdivision | Sources. |
| 9 (RLIN) | 176106 |
| 700 1# - ADDED ENTRY--PERSONAL NAME | |
| Personal name | Patwardhan, R. P. |
| Personal name | Ambekar, D V, |
| 942 ## - ADDED ENTRY ELEMENTS (KOHA) | |
| Source of classification or shelving scheme | Dewey Decimal Classification |
| Koha item type | Books |
| Lost status | Source of classification or shelving scheme | Damaged status | Not for loan | Collection code | Permanent Location | Current Location | Shelving location | Date acquired | Source of acquisition | Cost, normal purchase price | Total Checkouts | Full call number | Date last seen | Copy number | Koha item type |
|---|---|---|---|---|---|---|---|---|---|---|---|---|---|---|---|
| Dewey Decimal Classification | Not For Loan | Non-fiction | Central Library, University of Rajshahi | Central Library, University of Rajshahi | Reading Room | 15/04/1964 | F. K. L. Mukhapadhya | 32.00 | 923.254 GOS 1962 | 22/12/2016 | C-1 | Books |